000
00287nam a22001097a 4500
008
170125b xxu||||| |||| 00| 0 eng d
020
_a
0838555780
041
_a
eng
080
_2
3RD
_a
618.2
245
_a
LABORATORY AND DIAGNOSTIC TESTS WITH NURSING IMPLICATIONS
_c
KEE,J.L
942
_2
udc
_c
BK
999
_c
3630
_d
3630